Sports Quiz

Random Sports or Football Quiz

Losing Finalists Quiz Stats

 Plays Quiz Updated Jul 23, 2018

Challenge
Share
Tweet
Embed
Score 0/47 Timer 10:00
18 Plays Today
Hint Answer % Correct
Super BowlCarolina Panthers
65.7%
Stanley Cup (NHL Era)Florida Panthers
64.9%
FIFA World CupCroatia
59.5%
Super BowlBuffalo Bills
58%
Super BowlAtlanta Falcons
53.2%
Super BowlMinnesota Vikings
52.2%
FIFA World CupNetherlands
51.2%
Super BowlArizona Cardinals
50.9%
Super BowlTennessee Titans
47.3%
Super BowlLos Angeles Chargers
47%
Super BowlCincinnati Bengals
46.3%
Champions League (since 1992)Arsenal
41.4%
Cricket World CupEngland
40.7%
World SeriesTexas Rangers
40.6%
NBA Finals (Active Teams)Brooklyn Nets
39.9%
NBA Finals (Active Teams)Utah Jazz
39.6%
NBA Finals (Active Teams)Orlando Magic
39.5%
Rugby World CupFrance
37.8%
World SeriesTampa Bay Rays
37.4%
NBA Finals (Active Teams)Phoenix Suns
35.5%
World SeriesSan Diego Padres
35.4%
World SeriesColorado Rockies
35.3%
NBA Finals (Active Teams)Indiana Pacers
33.5%
Stanley Cup (NHL Era)Vancouver Canucks
32.8%
Hint Answer % Correct
Stanley Cup (NHL Era)Nashville Predators
31.9%
FIFA World CupSweden
31.5%
World SeriesMilwaukee Brewers
31.5%
Stanley Cup (NHL Era)San Jose Sharks
30.6%
Cricket World CupNew Zealand
29.5%
Stanley Cup (NHL Era)Ottawa Senators
28.5%
Stanley Cup (NHL Era)St. Louis Blues
28.2%
Stanley Cup (NHL Era)Vegas Golden Knights
26.8%
Champions League (since 1992)Atletico Madrid
25.8%
FIFA World CupHungary
25.6%
Stanley Cup (NHL Era)Buffalo Sabres
23.8%
Champions League (since 1992)AS Monaco
22.6%
Wimbledon (Mens' Singles, since 2000)Andy Roddick
22.5%
Champions League (since 1992)Valencia
19.1%
FIFA World CupCzechoslovakia
16.9%
Champions League (since 1992)Bayer Leverkusen
16.7%
Wimbledon (Mens' Singles, since 2000)Marin Čilić
12.4%
Wimbledon (Mens' Singles, since 2000)Kevin Anderson
10.8%
Wimbledon (Mens' Singles, since 2000)Milos Raonic
9.6%
Wimbledon (Mens' Singles, since 2000)Pat Rafter
8.1%
Wimbledon (Mens' Singles, since 2000)Thomas Berdych
7.6%
Wimbledon (Mens' Singles, since 2000)David Nalbandian
5.7%
Wimbledon (Mens' Singles, since 2000)Mark Philippoussis
4.5%

You're not logged in!

Compare scores with friends on all Sporcle quizzes.
Join for Free
OR
Log In

You Might Also Like...

Show Comments

Extras

Top Quizzes Today


Score Distribution

Your Account Isn't Verified!

In order to create a playlist on Sporcle, you need to verify the email address you used during registration. Go to your Sporcle Settings to finish the process.

Report this User

Report this user for behavior that violates our Community Guidelines.

Details: